Score 0/30 Timer 08:00
1 Play Today
% Correct
Fullmetal Alchemist: Brotherhood
99.2%
Sailor Moon
99%
Pokémon
99%
One Piece
99%
Attack on Titan
98.7%
JoJo's Bizarre Adventure
97%
Mob Psycho 100
95%
Toradora!
94.2%
Durarara!!
92.9%
Spice and Wolf
85.9%
Fist of the North Star
74.1%
Tamako Market
56.4%
Kanon
54.4%
Golden Kamuy
52.9%
Flip Flappers
45.1%
% Correct
Engaged to the Unidentified
39.5%
History's Strongest Disciple Kenichi
35%
Magical Girl Lyrical Nanoha
33%
His and Her Circumstances
28.2%
Super Dimension Fortress Macross
23.2%
Wandering Son
20.4%
ClassicaLoid
14.9%
Sherlock Hound
14.1%
Cuticle Detective Inaba
12.6%
Birdy the Mighty: Decode
11.1%
Yawara!
7.6%
Descendants of Darkness
4.5%
Uninhabited Planet Survive!
4.3%
Potemayo
2.8%
Those Who Hunt Elves
2%

You're not logged in!

Compare scores with friends on all Sporcle quizzes.
OR
Log In

Sporcle TV

Today on Sporcle TV


Watch our educational content, quiz creation guides, and fun videos on Sporcle TV.

Show Comments

Extras

Top Quizzes Today


Score Distribution

Paid Content

Your Account Isn't Verified!

In order to create a playlist on Sporcle, you need to verify the email address you used during registration. Go to your Sporcle Settings to finish the process.

Report this User

Report this user for behavior that violates our Community Guidelines.

Details: